000 00345nam a2200157Ia 4500
008 210210b1943 xxu||||| |||| 00| 0 eng d
041 _aeng
082 _a887/28
100 _aMACDONELL (A A)
245 _aIndias past
260 _aPUna
_b-
_c1943
650 _apast
650 _aIndias
690 _aSanskrit Literature
906 _a024626
999 _c150249
_d150249